000 00333 a2200157 4500
001 161028
020 _a
040 _cMagnum
100 _aVermont, Charles-Henry
240 1 0 _aAnimais nao-domesticados
_lpor
245 1 0 _aAnimais nao-domesticados
362 0 _a1899
440 1 _aScipione
697 _aIJ/GERAL
942 _cBK
999 _c161028
_d161028